Catalog

Record Details

Catalog Search



Israel ein Wunder der Geschichte : das Königtum und die Theokratie in Israel Cover Image Book Book

Israel ein Wunder der Geschichte : das Königtum und die Theokratie in Israel Jakob Kroeker

Kroeker, Jakob (Author).

Record details

  • Physical Description: 372 S.
  • Edition: 2. Aufl.
  • Publisher: Basel Brunnen Verlag 1959

Available copies

  • 1 of 1 copy available at Common Catalog SPOK.

Holds

  • 0 current holds with 1 total copy.
Show Only Available Copies
Location Call Number / Copy Notes Barcode Shelving Location Status Due Date
ETS Library 221.04 424470004632 Volný výběr Available -

LDR 00769nam a2 00241
00141651
003CZ-PrJAB
00520030808000000.0
008030808s1959 xr e |||| |ger
009ge
035 . ‡a(CONS)4372
035 . ‡aKPS3449
041 . ‡ager
08214. ‡a222.106
100 . ‡72001 ‡aKroeker, Jakob
245 . ‡aIsrael ein Wunder der Geschichte : ‡bdas Königtum und die Theokratie in Israel ‡cJakob Kroeker
250 . ‡a2. Aufl.
260 . ‡aBasel ‡bBrunnen Verlag ‡c1959
300 . ‡a372 S.
490 . ‡aDas lebendige Wort
653 . ‡aIsrael ein Wunder der Geschichte. Das Königtum und die Theokratie in Israel ‡adas Königtum und die Theokratie in Israel
8524 . ‡bETS ‡bETS ‡cVolný výběr ‡j221.04 ‡gA ‡p424470004632
910 . ‡aABG450
999 . ‡a4372 ‡bAUTOGEN ‡c4372 ‡tbiblio
905 . ‡uadmin
901 . ‡a41651 ‡b ‡c41651 ‡tbiblio ‡sets

Additional Resources